01358cam a22003497a 4500003000500000005001700005008004100022010001000063011001000073035001000083040000900093082001600102100002900118245017700147260004900324300001100373490004800384590004100432590004100473590004100514590004100555590004200596650003800638700003300676700002800709830005600737901000700793942001000800949005100810999001700861952013000878CHAP20220329140504.0971013s1974 us r 00010 eng d a52728 a53700 a57850 cCHAP04a595.789bF500aField, William D.94075612aA bibliography of the catalogs, lists, faunal and other papaers on the butterflies of north America narth of Mexico arranged by state and province (Lepidoptera:Rhopalocera) aWashington :bSmithsonian Institution,c1974 a104 p. 0aSmithsonian contributions to zoologyv; 157 aBATCH-UPDb10c20130110lUCH01h0658 aBATCH-UPDb10c20130110lUCH01h2338 aBATCH-UPDb10c20130410lUCH01h0342 aBATCH-UPDb10c20130914lUCH01h1406 aCONVERSIONb10c20130109lUCH01h132814aMariposasxBibliografía.9713970 aDos Passos, Cyrial F.9340340 aMasters, John H.9728440 aSmithsonian contributions to zoologyv; 1579107173 aBK cLIBRO a595.789 F5bBCcCd-125704eCh35983i57850si c52728d52728 00102ddc4051708CaBCbBCcPA_CONSULTAd2019-12-31fLIBROl0o595.789 F5p-125704r2019-12-31 00:00:00w2019-12-31yLIBRO